000 00486nam a2200193Ia 4500
005 20250326143049.0
008 250326s9999 xx 000 0 und d
037 _aTextbook
040 _aFMSL
_beng
_cFMSL
041 _aeng
_2eng
084 _aX:8 M3
_qFMSL
100 _aBedeian A G
_9745502
245 0 _aManagement
_cBedeian A G; Glueck W F
250 _a3
260 _aNY
_bNY, Dryden
_c1983
300 _a673p
942 _cTB
_hX:8 M3
999 _c1297947
_d1297947